000 00517nam a2200181Ia 4500
003 GCL
008 140319s9999 xx 000 0 ara d
040 _aGCL /
_cGCL
082 0 4 _a810.93
_bا ا
100 1 _aاحمد محمد الحوفى
245 1 0 _aادب السياسة فى العصر الاموى /
_cاحمد محمد الحوفى
300 _a545 ص
490 _a
650 0 4 _aالادب العربى
650 0 4 _aالادب الاموى
650 0 4 _aالادب السياسى
942 _2ddc
_cBK
999 _c42956
_d42956